000
00303nam a2200121Ia 4500
008
190216s9999||||xx |||||||||||||| ||und||
100
_a
Graham Greene
245
4
_a
The Power And The Glory
260
_b
Heinemann Educational Books Ltd
_c
1968
300
_a
225
650
_a
English Stories
942
_c
BK
999
_c
12263
_d
12263